El santo desorden del padre josé maría : cura universal del alto valle de rio negro y neuquén /

Guardado en:
Autor Principal: Paesa, Pascual R.
Formato: Libro
Publicado: Buenos Aires : Don Bosco, 1960
Materias:
Etiquetas: Agregar Etiqueta
Sin Etiquetas, Sea el primero en etiquetar este registro!
LEADER 00519nam a22001695a 4500
001 CEM.cems004835
005 20060217000000.0
008 130507s1960##################000#0#####d
003 CEMS
082 0 4 |a 922 
100 1 |a Paesa, Pascual R. 
245 1 0 |a El santo desorden del padre josé maría :  |b cura universal del alto valle de rio negro y neuquén / 
260 |a Buenos Aires :  |b Don Bosco,  |c 1960 
300 |a 366 
653 |a Biografias 
653 |a Religion 
859 |a CEMS  |b BIB. CEMS - 11 de abril  |h 922  |i P147b  |p 15186.88  |t Ej.1